000 00917nam a22002897a 4500
003 DO-SdBNP
005 20180205103949.0
008 180205b 1981 sp |||| 00| 0 spa d
020 _a8437600704
040 _aBPMSU
_bspa
_cBPMSU
082 4 _a863.3
_bL431t
245 0 0 _aLa vida de Lazarillo de Tormes :
_cedición Joseph V. Ricapito
_by de sus fortunas y adversidades /
250 _a9a. ed.
260 _aMadrid :
_bCátedra,
_c1981.
300 _a205 p.:
_c19 cm.
490 0 _aLetras Hispánicas
_v44
505 0 _tTratado primero. Cuenta Lázaro su vida, y de cuyo hijo fué --
650 4 _aNOVELA ESPAÑOLA
650 4 _aLITERATURA PICARESCA
650 4 _aLITERATURA ESPAÑOLA
700 _aRicapito, Joseph V.
_eed.
700 _aHortencia Lacau, María
_eed.
830 0 _aLetras Hispánicas
_n44
942 _2ddc
_cBK
945 _aInventariado, 2018/ YL
956 _aYLOCKWARD
_b10
_cBPMSU
999 _c13261
_d13261